书目信息 |
| 题名: |
固体物理与计算材料导论
|
|
| 作者: | 齐卫宏 编著 | |
| 分册: | ||
| 出版信息: | 长沙 中南大学出版社 2020.11 |
|
| 页数: | 184页 | |
| 开本: | 26cm | |
| 丛书名: | ||
| 单 册: | ||
| 中图分类: | O48-43 | |
| 科图分类: | ||
| 主题词: | 固体物理学 | |
| 电子资源: | ||
| ISBN: | 978-7-5487-4213-5 | |
| 000 | 00558nam0 2200181 45 | |
| 001 | 2359412350 | |
| 005 | 20230209163255.18 | |
| 010 | @a978-7-5487-4213-5@dCNY 49.80 | |
| 100 | @a20230209d2020 km y0chiy0120 ea | |
| 101 | 0 | @achi |
| 200 | 1 | @a固体物理与计算材料导论@Agu ti wu li yu ji suan cai liao dao lun@f齐卫宏编著@Fqi wei hong bian zhu |
| 210 | @a长沙@c中南大学出版社@d2020.11 | |
| 215 | @a184页@d26cm | |
| 606 | 0 | @a固体物理学 |
| 690 | @aO48-43@v4 | |
| 701 | 0 | @a齐卫宏@Aqi wei hong@4编著 |
| 801 | 0 | @aCN@b河南城建学院图书馆@c20230209 |
| 905 | @dO48-43@eQ072 | |
| 固体物理与计算材料导论/齐卫宏编著.-长沙:中南大学出版社,2020.11 |
| 184页;26cm |
| ISBN 978-7-5487-4213-5:CNY 49.80 |
| ● |
| 相关链接 |
|
|
|
正题名:固体物理与计算材料导论
索取号:O48-43/Q072
 
预约/预借
| 序号 | 登录号 | 条形码 | 馆藏地/架位号 | 状态 | 备注 |
| 1 | 1507882 | 215078822 | 材料与化工学院资料室/ [索取号:O48-43/Q072] | 在馆 | |
| 2 | 1507883 | 215078831 | 材料与化工学院资料室/ [索取号:O48-43/Q072] | 在馆 |